000 00717nam a22002057a 4500
008 081031t xxu||||| |||| 00| 0 eng d
010 _aENG-84388
020 _a8131300463
020 _c495.00 (hb)
035 _aEN-67921
082 _a780.954 / SHA
100 _aSharma, Manorma
245 _aMusical heritage of India /
_cby Manorma Sharma
260 _aNew Delhi
_bA P H Publishing
260 _c2005
300 _avii,228p
_c22cm
500 _aIncludes bibliographical references and index
942 _2ddc
_cEN
_h780.954
_m/ SHA
999 _c17722
_d17722